সৈয়দ তাজউদ্দীন গদা'র পারিবারিক ইতিহাস / (Record no. 74682)
[ view plain ]
| 000 -LEADER | |
|---|---|
| fixed length control field | 01057nam a22002537a 4500 |
| 001 - CONTROL NUMBER | |
| control field | 74682 |
| 003 - CONTROL NUMBER IDENTIFIER | |
| rucl marc code | BD-RjUL |
| 005 - DATE AND TIME OF LATEST TRANSACTION | |
| control field | 20211209082604.0 |
| 008 - FIXED-LENGTH DATA ELEMENTS--GENERAL INFORMATION | |
| fixed length control field | 181119s2018 bg ||||| b||| 00| 0 ben d |
| 020 ## - INTERNATIONAL STANDARD BOOK NUMBER | |
| International Standard Book Number | 9789849340478 |
| 035 ## - SYSTEM CONTROL NUMBER | |
| System control number | (BD-RjUL)74900 |
| 040 ## - CATALOGING SOURCE | |
| Original cataloging agency | BD-RjUL |
| Language of cataloging | eng |
| Transcribing agency | BD-RjUL |
| 041 ## - LANGUAGE CODE | |
| Language code of text/sound track or separate title | eng |
| 082 ## - DEWEY DECIMAL CLASSIFICATION NUMBER | |
| Edition number | 23 |
| Classification number | 297.4092 |
| Author mark and year | SIS 2018 |
| 100 ## - MAIN ENTRY--PERSONAL NAME | |
| Personal name | ছিদ্দিকী, মোহাম্মদ মুহিবউল্ল্যাহ |
| 9 (RLIN) | 225036 |
| 245 ## - TITLE STATEMENT | |
| Title | সৈয়দ তাজউদ্দীন গদা'র পারিবারিক ইতিহাস / |
| Statement of responsibility, etc. | মোহাম্মদ মুহিবউল্ল্যাহ ছিদ্দিকী |
| 260 ## - PUBLICATION, DISTRIBUTION, ETC. (IMPRINT) | |
| Place of publication, distribution, etc. | চট্রগ্রাম : |
| Name of publisher, distributor, etc. | গলুই প্রকাশন, |
| Date of publication, distribution, etc. | ২০১৮ |
| 300 ## - PHYSICAL DESCRIPTION | |
| Pagination | ১৬৬ পৃ. ; |
| Size | ২১ সেমি. |
| 504 ## - BIBLIOGRAPHY, ETC. NOTE | |
| Bibliography, etc | বিবলিওগ্রাফি সম্বলিত। |
| 600 ## - SUBJECT ADDED ENTRY--PERSONAL NAME | |
| Personal name | Gada, Syed Tajuddin |
| 650 ## - SUBJECT ADDED ENTRY--TOPICAL TERM | |
| Topical term or geographic name as entry element | Sufis |
| 9 (RLIN) | 225037 |
| Geographic subdivision | Bengal |
| General subdivision | Biography. |
| Topical term or geographic name as entry element | Mysticism |
| 9 (RLIN) | 225038 |
| General subdivision | Islam. |
| 942 ## - ADDED ENTRY ELEMENTS (KOHA) | |
| Source of classification or shelving scheme | Dewey Decimal Classification |
| Koha item type | Books |
| Lost status | Source of classification or shelving scheme | Damaged status | Not for loan | Collection code | Permanent Location | Current Location | Shelving location | Date acquired | Source of acquisition | Cost, normal purchase price | Total Checkouts | Full call number | Date last seen | Copy number | Koha item type |
|---|---|---|---|---|---|---|---|---|---|---|---|---|---|---|---|
| Dewey Decimal Classification | Not For Loan | Non-fiction | Central Library, University of Rajshahi | Central Library, University of Rajshahi | Reading Room | 11/09/2018 | Author, Dept. of Islamic History & Culture, RU | 400.00 | B 297.4092 SIS 2018 | 19/11/2018 | C-1 | Books | |||
| Dewey Decimal Classification | Non-fiction | Central Library, University of Rajshahi | Central Library, University of Rajshahi | 11/09/2018 | Author, Dept. of Islamic History & Culture, RU | 400.00 | B 297.4092 SIS 2018 | 19/11/2018 | C-2 | Books | |||||
| Dewey Decimal Classification | Non-fiction | Central Library, University of Rajshahi | Central Library, University of Rajshahi | 11/09/2018 | Author, Dept. of Islamic History & Culture, RU | 400.00 | B 297.4092 SIS 2018 | 19/11/2018 | C-3 | Books | |||||
| Dewey Decimal Classification | Non-fiction | Central Library, University of Rajshahi | Central Library, University of Rajshahi | 11/09/2018 | Author, Dept. of Islamic History & Culture, RU | 400.00 | B 297.4092 SIS 2018 | 19/11/2018 | C-4 | Books | |||||
| Dewey Decimal Classification | Non-fiction | Central Library, University of Rajshahi | Central Library, University of Rajshahi | 11/09/2018 | Author, Dept. of Islamic History & Culture, RU | 400.00 | B 297.4092 SIS 2018 | 19/11/2018 | C-5 | Books |